• 首页
  • 本馆介绍
  • 公告通知
  • 最新文献
  • 馆藏检索
  • 电子资源
  • 读者导购
  • 参考咨询
  • 我的图书馆
  • 登录
  • 详细信息显示
  • 放入我的书架
  • 预约/预借图书
  • 作者相关作品
  • 分类相关作品
  • 丛书相关作品
  • 出版社相关作品

书目信息

  • 表格格式
  • 工作单格式
  • 卡片格式
题名:
实验单管收音机
    
 
作者: 沈长生 编著
分册:  
出版信息: 北京   人民邮电出版社  1985
页数: 97页
开本: 19cm
丛书名: 无线电爱好者丛书
单 册:
中图分类: TN85 , TN851.1
科图分类:
主题词: 半导体收音机--制作
电子资源:
ISBN:
000 00752nam2 2200277 45
001 0185020470
005 20040514100951.7
010    @dCNY0.41
091    @a15045.总2981-无6314
100    @a19900921d1985 em y0chiy0121 ea
101 0  @achi
102    @aCN@b110000
105    @ay z 000yy
106    @ar
200 10 @a实验单管收音机@Ashi yan dan guan shou yin ji@f沈长生编著
210    @a北京@c人民邮电出版社@d1985
215    @a97页@d19cm
225 2  @a无线电爱好者丛书
410  0 @120010@a无线电爱好者丛书
606    @a半导体收音机@x制作
690    @aTN85@v3 
690    @aTN851.1
701  0 @a沈长生@Ashen chang sheng@4编著
801  0 @aCN@b深圳图书馆@c20040514
801  2 @aCN@bNLC@c20040514
905    @f2@b136381-382@dTN851.1@e28
    
    实验单管收音机/沈长生编著.-北京:人民邮电出版社,1985
    97页;19cm.-(无线电爱好者丛书)
    
    
    ISBN :CNY0.41
    
●
相关链接 在E读中查询图书 在五车中查询图书 在当当中查询图书 在豆瓣中查询图书


正题名:实验单管收音机     索取号:TN851.1/28         预约/预借

序号 登录号 条形码 馆藏地/架位号 状态 备注
1 0136381   001322250   第三借阅区/ [索取号:TN851.1/28] 在馆    
2 0136382   001322296   第三借阅区/ [索取号:TN851.1/28] 在馆    
3 0136383   202120631   第二样本阅览室/ [索取号:TN851.1/28] 在馆    
唐山师范学院图书馆 欢迎您!
大连网信软件有限公司© 版权所有